Statistics for World Capitals Containing D

Click here to take the quiz!

General Stats

  • This quiz has been taken 2,897 times
  • The average score is 31 of 38

Answer Stats

Capital% Correct
Dublin
94%
Amsterdam
92%
Madrid
92%
London
91%
New Delhi
91%
Budapest
90%
Dhaka
90%
Andorra la Vella
89%
Dili
89%
Baghdad
88%
Dakar
88%
Damascus
88%
Doha
88%
Dushanbe
88%
Abu Dhabi
87%
Djibouti
87%
Addis Ababa
85%
Riyadh
85%
Belgrade
84%
Islamabad
84%
Santo Domingo
84%
Dodoma
82%
Vaduz
81%
Bridgetown
80%
Podgorica
80%
Kathmandu
78%
Luanda
78%
Bandar Seri Begawan
77%
Mogadishu
77%
Montevideo
75%
San Salvador
75%
N'Djamena
73%
Ngerulmud
70%
Windhoek
69%
Yaoundé
68%
Naypyidaw
64%
Ouagadougou
63%
Sri Jayewardenepura
Kotte
51%

Score Distribution

Percentile by Number Answered

Percent of People with Each Score

Your Score History

You have not taken this quiz